000 01837nam0a2200421 4500
001 RU\NLR\BIBL_A\022623316
005 20260420053508.0
010 _a978-5-04-186080-6
_94000
021 _aRU
_bКН-П-25-044891
_9КН-П-25-4366
035 _a(NLR Aleph) 022623316
090 _a13684397
_c13684397
100 _a20250917d2025 u y0rusy50 ca
101 1 _arus
_ceng
102 _aRU
105 _aach z 000yb
181 0 _ai3
_baxxe
182 0 _an
200 1 _aАнна. Биография самой влиятельной женщины Vogue
_fЭми Оделл
_g[перевод с английского И. Ю. Крупичевой]
203 _aТекст
_bвизуальный
_cнепосредственный
210 _aМосква
_cЭксмо, ОДРИ
_d2025
215 _a506, [1] с., [8] л. ил., портр., цв. ил., факс.
_cпортр., ил.
_d24
225 1 _aМода. Truestory
300 _aНа 4-й с. обл. авт.: Эми Оделл, журналистка
320 _aБиблиогр. в тексте примеч.: с. 437-507
333 _a16+
517 1 _aБиография самой влиятельной женщины Vogue
600 1 _aВинтур
_bА.
_f1949
_gАнна
_xБиография
_92680457
_3RU\NLR\AUTH\6601761141
601 0 2 _a"Vogue", журнал
_cЛондон, город; Великобритания
_92273476
_3RU\NLR\AUTH\6601591304
686 1 _aЧ612.4(4Вл)723.2
_bЩ
686 1 _aЧ612.3(7США)7-8Винтур
700 1 _aОделл
_bЭ.
_gЭми
702 1 _aВинтур
_bА.
_f1949-
_gАнна
_4280
712 0 2 _4570
_7ba
_7ca
_a"Vogue", журнал
_cЛондон
_9552289
_3RU\NLR\AUTH\880444149
942 _cBOOK
980 _aNB